| 000 | 00757nam a2200229Ia 4500 | ||
|---|---|---|---|
| 003 | GCL | ||
| 008 | 140319s9999 xx 000 0 ara d | ||
| 040 |
_aGCL / _cGCL |
||
| 082 | 0 | 4 |
_a214.6 _bخ ط |
| 100 | 1 | _aمصطفى محمود | |
| 245 | 1 | 0 |
_aالطب الاسلامى / _cمصطفى محمود |
| 700 | 1 | _aمحمد فتحى ابوبكر | |
| 700 | 1 | _aابن قيم الجوزية: شمس الدين ابو عبدالله محمد بن ابى بكر | |
| 260 |
_a[S.N] : _bدار الفكر العربى ، _c1989 |
||
| 300 | _a83 ص | ||
| 490 | _a | ||
| 650 | 0 | 4 | _aالطب النبوى |
| 650 | 0 | 4 | _aالتاريخ الاسلامى |
| 650 | 0 | 4 | _aالحضارة الاسلامية |
| 650 | 0 | 4 | _aالطب الاسلامى |
| 942 |
_2ddc _cBK |
||
| 999 |
_c31555 _d31555 |
||